000 00600nam a2200241Ia 4500
003 OSt
005 20220924144617.0
006 a|||||r|||| 00| 0
007 ta
008 220923b |||||||| |||| 00| 0 urd d
020 _c2.50
024 _a316216
037 _cTextual
040 _aARTS
_cARTS
_burd
041 _2urd
_aurd
082 _aO168,1NSH1,1, K7
100 _aSharib Manohar Lal
_9217998
245 0 _aWijdan-e-kufr
260 _c1967
650 _aURDU POETRY
942 _hO168,1NSH1,1, K7
_cTEXL
_2CC
999 _c457608
_d457608